| 000 | 01468nam a2200397 a 4500 | ||
|---|---|---|---|
| 001 | 22197 | ||
| 003 | VRT | ||
| 005 | 20260323124227.0 | ||
| 008 | 240314s1999 xo a r y slo | ||
| 015 | _aSNBA2000/06-02021 | ||
| 020 | _a8088915260 | ||
| 035 | _aSNK000338071 | ||
| 035 | _aurn:nbn:sk:snk-amk5h2 | ||
| 035 | _aurn:nbn:sk:snk-am00586l | ||
| 035 | _a18831582-BFA3-4647-85F9-295D67137D9D | ||
| 039 | 9 |
_a202403141118 _bVLOAD _c202402261646 _dVLOAD _c201601141035 _dVLOAD _c201503091129 _dVLOAD |
|
| 040 |
_aSNK _bslo _cSNK _eAACR2 |
||
| 041 | 0 | _aslo | |
| 044 |
_axo _cSK |
||
| 080 |
_a133.3 _21981 |
||
| 100 | 1 |
_aSilver, Jules _4aut |
|
| 240 | 1 | 0 |
_aProphezeiungen bis zur Schwelle des 3. Jahrtausends _lSlovensky |
| 245 | 1 | 0 |
_aVeštby na prelom 3. tisícročia _cJules Silver ; [z nemeckého originálu preložila Eva Dropčová] |
| 260 |
_aBratislava _bAktuell _c1999 |
||
| 300 |
_a216 s. _c21 cm |
||
| 500 | _aÚdaj o prekl. prevzatý z rubu tit. strany | ||
| 504 | _aBibliogr. s. 215-216 | ||
| 650 | 0 | 7 |
_aveštby _xproroctvá _xvýklady populárno-náučné _2SNK |
| 655 | 7 |
_apríručky _2SNK |
|
| 700 | 1 |
_aDropčová, Eva, _d1931-2015 _4trl |
|
| 942 |
_2ddc _cKLDO _n0 |
||
| 949 |
_617A0230239 _9P60, <04>, [BOOK], {604} _asnkSC 100996 D1 _bsnkKSP 2445/2000 |
||
| 949 |
_62889056698 _asavukPV 2535 |
||
| 949 |
_617A0230238 _9P60, <03>, [BOOK], {603} _asnkSC 100996 _bsnkKSP 2444/2000 _s6100:20140925 |
||
| 999 |
_c22197 _d22197 |
||